000 01279nam a2200337 ia4500
003 OSt
005 20260525155428.0
008 260525t20252025nyuoab br 001 0 eng d
020 _a9781510567078
_cRM137.50
_qhardback
040 _aPPAK
_beng
_cPPAK
_erda
082 0 4 _a530.124
_223
090 0 0 _a530.124
_bHIC
_dK
100 1 _aHicton, Douglas,
_eauthor.
245 1 0 _aWAVES /
_cDOUGLAS HICTON
264 1 _aNew York :
_bLightbox Learning Inc.,
_c[2025?]
264 4 _c©2025
300 _a24 pages :
_bcolour photographs, colour illustrations, colour maps ;
_c26 cm
336 _atext
_2rdacontent
337 _aunmediated
_2rdamedia
338 _avolume
_2rdacarrier
490 1 _aTHE BEGINNER'S GUIDE TO PHYSICS
500 _aIncludes index.
520 _a"All waves are disturbances that transfer energy. When waves move through matter, their energy is passed along from molecule to molecule. However, the matter itself does not actually move forward.
521 _aAges 6.
650 1 0 _aWaves (Physics)
_vJuvenile literature
650 2 0 _aPhysics
_vJuvenile literature
650 2 0 _aPhysical science
_vJuvenile literature
650 2 0 _aScience for children
830 0 _aThe beginner's guide to Physics
942 _2ddc
_cB
999 _c204448
_d204448